| 000 | 00712nam a22002177a 4500 | ||
|---|---|---|---|
| 005 | 20141121115411.0 | ||
| 010 | _aENG-111208 | ||
| 020 |
_a9780198099215 _c895.00 |
||
| 035 | _aEN-94740 | ||
| 037 | _bDBAD/PUB | ||
| 082 | _a613.2 | ||
| 245 |
_aDiets, malnutrion and disease : _bthe Indian experience / _cedited by Raghav Gaiha , Raghbendra Jha [and] Vani S. Kulkarni |
||
| 260 |
_aNew Delhi _bOxford University Press _c2014 |
||
| 270 |
_aYMCA Library building, 1 Jai Singh Road _bNew Delhi _e110001 |
||
| 300 |
_axxiii,280p. _c23cm(Hb) |
||
| 500 | _aIncludes index | ||
| 700 | _aGaiha, Raghav | ||
| 700 | _aJha, Raghbendra | ||
| 700 | _aKulkarni, Vani S. | ||
| 942 |
_2ddc _cEN _mDIE _h613.2 |
||
| 999 |
_c89999 _d89999 |
||